[Event "Najdorf Memorial"]
[Site "Warsaw POL"]
[Date "2024.07.15"]
[Round "7.11"]
[White "Terkiewicz, Bruno"]
[Black "Chomczyk, Marek"]
[Result "0-1"]
[WhiteElo "2170"]
[BlackElo "2297"]

1. d4 Nf6 2. c4 e6 3. Nf3 d5 4. g3 Bb4+ 5. Bd2 a5 6. Bg2 O-O 7. Qc2 c5 8.
dxc5 d4 9. O-O Nc6 10. Rd1 Bxc5 11. Bf4 Ng4 12. Qc1 e5 13. Bg5 f6 14. Bd2
e4 15. Ne1 f5 16. e3 Qb6 17. Nc2 Nce5 18. Nxd4 Qh6 19. h4 Nxf2 20. Rf1 Nfd3
21. Qc2 Ng4 0-1

[Event "Najdorf Memorial"]
[Site "Warsaw POL"]
[Date "2024.07.15"]
[Round "7.12"]
[White "Koziorowicz, Michal"]
[Black "Kondys, Piotr"]
[Result "1/2-1/2"]
[WhiteElo "2285"]
[BlackElo "2089"]

1. e4 e6 2. Qe2 c5 3. g3 Nc6 4. Nf3 g6 5. Bg2 Bg7 6. O-O d6 7. Rd1 Nge7 8.
h4 e5 9. c3 Bg4 10. d3 O-O 11. Nbd2 d5 12. Nf1 h6 13. N1h2 Be6 14. h5 f5
15. Nh4 g5 16. exf5 Nxf5 17. Ng6 Re8 18. Nf3 Nd6 19. Ne1 Qd7 20. Nc2 Nf5
21. Ne3 Rad8 22. Bh3 Nxe3 23. Bxe6+ Qxe6 24. fxe3 e4 25. d4 Ne7 26. Nxe7+
Rxe7 27. Rf1 Qh3 28. g4 Rf8 29. Rxf8+ Bxf8 30. Bd2 cxd4 31. cxd4 Rf7 32.
Qg2 Qxg2+ 33. Kxg2 Rc7 34. Bc3 b5 35. a3 Kf7 36. Rf1+ Kg7 37. Rf5 Bxa3 38.
bxa3 Rxc3 39. Rxd5 Rxa3 40. Rxb5 Rxe3 41. Rb7+ Kg8 42. Rxa7 Re2+ 43. Kg3
Re3+ 44. Kf2 Rf3+ 45. Ke2 Rd3 46. Rd7 Kh8 47. d5 Kg8 48. Rd6 Kh7 49. Ke1
Re3+ 50. Kd2 Rg3 51. Ke2 Rd3 52. Kf2 Rf3+ 53. Ke1 Re3+ 54. Kd1 Rg3 55. Kd2
Rf3 56. Rd7+ Kg8 57. Ke2 Rd3 58. Kf2 Rf3+ 59. Ke1 Re3+ 60. Kd1 Rg3 61. Kd2
Rf3 62. d6 Rd3+ 63. Ke2 Kh8 64. Rd8+ Kg7 65. d7 Kh7 66. Re8 Rxd7 67. Rxe4
Ra7 68. Ke3 Kg7 69. Rd4 Re7+ 70. Kf3 Kf7 71. Rd5 Kf6 72. Rd6+ Kg7 73. Rg6+
Kh7 74. Rf6 Kg7 75. Rg6+ Kh7 76. Rf6 1/2-1/2

[Event "Najdorf Memorial"]
[Site "Warsaw POL"]
[Date "2024.07.15"]
[Round "7.13"]
[White "Janeczko, Jakub"]
[Black "Patil, Harshal"]
[Result "1-0"]
[WhiteElo "2246"]
[BlackElo "2083"]

1. e4 c5 2. Nc3 d6 3. d4 cxd4 4. Qxd4 Nc6 5. Qd2 g6 6. b3 Bh6 7. f4 Nf6 8.
Bb2 O-O 9. O-O-O Qa5 10. Kb1 Rd8 11. Nf3 Bg4 12. Bc4 Rac8 13. Qe3 Qc5 14.
Qxc5 dxc5 15. Rxd8+ Rxd8 16. Ne5 Nxe5 17. fxe5 Nh5 18. Rf1 Be6 19. Nd5 Kf8
20. a4 b6 21. a5 Rb8 22. Nxb6 axb6 23. Bxe6 Nf4 24. Bd7 bxa5 25. g3 Ne2 26.
Be6 f6 27. exf6 Nd4 28. Bc4 e5 29. Ba3 Ke8 30. Bxc5 Bf8 31. f7+ Kd7 32.
Bxf8 Rxf8 33. c3 Nc6 34. Bb5 Kc7 35. Bxc6 Kxc6 36. Kb2 Kc5 37. Ka3 Kb5 38.
g4 Kb6 39. Ka4 Kc5 40. g5 Kb6 41. Rf6+ Kc5 42. h4 1-0

[Event "Najdorf Memorial"]
[Site "Warsaw POL"]
[Date "2024.07.15"]
[Round "7.14"]
[White "Zysko, Jan"]
[Black "Fus, Jakub"]
[Result "1/2-1/2"]
[WhiteElo "2089"]
[BlackElo "2444"]

1. e4 e6 2. d4 d5 3. exd5 exd5 4. h3 Nf6 5. Nf3 Be7 6. Bd3 O-O 7. O-O Nbd7
8. Bf4 Re8 9. Nbd2 Nf8 10. Re1 Ne6 11. Bh2 g6 12. c3 c6 13. Ne5 Ng7 14.
Ndf3 Nf5 15. Ng5 Nd6 16. Qf3 Rf8 17. Qe2 Re8 18. Qf3 Rf8 19. Qe2 Re8
1/2-1/2

[Event "Najdorf Memorial"]
[Site "Warsaw POL"]
[Date "2024.07.15"]
[Round "7.15"]
[White "Fiszer, Bartosz"]
[Black "Zalega, Maciej"]
[Result "1-0"]
[WhiteElo "2335"]
[BlackElo "2093"]

1. c4 Nf6 2. g3 g6 3. Bg2 Bg7 4. Nf3 O-O 5. d4 d6 6. O-O Nc6 7. Nc3 Bg4 8.
d5 Na5 9. b3 c5 10. Bd2 a6 11. h3 Bd7 12. e4 b5 13. e5 Ne8 14. e6 fxe6 15.
dxe6 Bc6 16. Nd5 Bxd5 17. cxd5 c4 18. Rc1 Rc8 19. b4 Nb7 20. Bc3 Bxc3 21.
Rxc3 Nf6 22. Nd4 Qb6 23. Nc6 Rc7 24. a4 Nd8 25. a5 Qb7 26. Nd4 Rc8 27. Qd2
Nh5 28. f4 Kg7 29. g4 Nf6 30. Kh2 Qa8 31. f5 Qa7 32. g5 Ng8 33. Rcf3 c3 34.
Rxc3 1-0

[Event "Najdorf Memorial"]
[Site "Warsaw POL"]
[Date "2024.07.15"]
[Round "7.16"]
[White "Krol, Jan"]
[Black "Romanishin, Oleg M"]
[Result "1/2-1/2"]
[WhiteElo "2064"]
[BlackElo "2331"]

1. e4 e5 2. Nf3 Nc6 3. Bc4 Nf6 4. d3 Be7 5. Nc3 d6 6. a4 a5 7. O-O O-O 8.
Re1 Nb4 9. Ne2 Be6 10. Bxe6 fxe6 11. c3 Nc6 12. Ng3 Qd7 13. d4 exd4 14.
cxd4 Rae8 15. Bd2 d5 16. e5 Ng4 17. Rf1 Bb4 18. Bg5 Qf7 19. h3 Nh6 20. Bxh6
gxh6 21. Nh2 Kh8 22. Ng4 Be7 23. f4 Qg6 24. Rf3 h5 25. Ne3 h4 26. Ne2 Qe4
27. Kh1 Rf7 28. Ng4 h5 29. Nf2 Qh7 30. Qd3 Nb4 31. Qxh7+ Kxh7 32. Rc1 c6
33. Nd1 Bf8 34. Ne3 Bh6 35. Rcf1 Ref8 36. Kh2 b6 37. g4 hxg3+ 38. Kxg3 c5
39. b3 Nc6 40. Nc2 Ne7 41. Ne3 Ng6 42. Ng2 Ne7 1/2-1/2

[Event "Najdorf Memorial"]
[Site "Warsaw POL"]
[Date "2024.07.15"]
[Round "7.17"]
[White "Ashwath, Kaushik"]
[Black "Johannesson, Ingvar Thor"]
[Result "0-1"]
[WhiteElo "2029"]
[BlackElo "2314"]

1. e4 e6 2. d4 d5 3. Nd2 c5 4. Ngf3 cxd4 5. Nxd4 Nc6 6. Bb5 Bd7 7. Nxc6
bxc6 8. Bd3 Qc7 9. O-O Bd6 10. g3 Nf6 11. Re1 O-O 12. c4 dxe4 13. Nxe4 Nxe4
14. Bxe4 f5 15. Bg2 e5 16. b3 Rae8 17. Re2 e4 18. Rd2 Be5 19. Ba3 Rf7 20.
Bd6 Bxd6 21. Rxd6 Be6 22. Qd2 Rd7 23. Rxd7 Qxd7 24. Rd1 Rd8 25. Qxd7 Rxd7
26. Rxd7 Bxd7 27. f3 exf3 28. Bxf3 c5 29. Kf2 g5 30. Bb7 a5 31. a3 Kf7 32.
h4 gxh4 33. gxh4 Kf6 34. Kf3 Ke5 35. h5 h6 36. Ke3 f4+ 37. Kf3 Bf5 38. Bd5
Bc2 39. b4 cxb4 40. axb4 axb4 41. Bc6 b3 42. Ba4 Be4+ 0-1

[Event "Najdorf Memorial"]
[Site "Warsaw POL"]
[Date "2024.07.15"]
[Round "7.18"]
[White "Kowalczyk, Rafal"]
[Black "Suska, Szymon"]
[Result "1-0"]
[WhiteElo "2185"]
[BlackElo "2079"]

1. e4 d6 2. d4 Nf6 3. Nc3 e5 4. Nge2 Nbd7 5. h3 b5 6. g4 b4 7. Nd5 Bb7 8.
Bg2 Nxd5 9. exd5 h5 10. g5 g6 11. O-O Bg7 12. f4 Nb6 13. Qd3 Qd7 14. dxe5
dxe5 15. fxe5 O-O-O 16. c4 bxc3 17. Nxc3 Bxe5 18. Bf4 Bxc3 19. Qxc3 Nxd5
20. Qb3 Kb8 21. Rac1 Qc8 22. Bxd5 Rxd5 23. Rxc7 Rxg5+ 24. Kf2 Qxc7 25.
Bxc7+ Ka8 26. h4 Rg2+ 27. Ke3 Re8+ 28. Kd4 f5 29. Rd1 Be4 30. Qf7 Bc6 31.
Kc3 Rge2 32. Rd8+ Rxd8 33. Bxd8 Be4 34. Bg5 Rc2+ 35. Kb3 Rc6 36. Be3 Kb8
37. Bxa7+ Kc8 38. Kb4 Rc7 39. Qe8+ Kb7 40. Bc5 Bc6 41. Qxg6 f4 42. Qxh5 f3
43. Qf5 1-0

[Event "Najdorf Memorial"]
[Site "Warsaw POL"]
[Date "2024.07.15"]
[Round "7.19"]
[White "Czajkowski, Adam"]
[Black "Krawczyk, Wojciech"]
[Result "0-1"]
[WhiteElo "2184"]
[BlackElo "2072"]

1. e4 e6 2. Nc3 d5 3. Nf3 Nf6 4. e5 Nfd7 5. d4 c5 6. dxc5 Nc6 7. Bf4 Bxc5
8. Bd3 Qb6 9. O-O Nf8 10. a3 Be7 11. Qe2 Bd7 12. Rfe1 Ng6 13. Bg3 Nd4 14.
Nxd4 Qxd4 15. Nb5 Qb6 16. c3 a6 17. Nd4 Bc5 18. Nf3 Bb5 19. Bxb5+ Qxb5 20.
Qxb5+ axb5 21. Rad1 Ra4 22. Kf1 h5 23. h3 Ke7 24. Re2 Bb6 25. Ne1 Rd8 26.
f3 d4 27. cxd4 Raxd4 28. Rxd4 Bxd4 29. f4 Bb6 30. Nf3 Rd3 31. Re4 Rb3 32.
Be1 Rxb2 33. Nd4 Bc5 34. Bb4 Bxb4 35. axb4 Nh4 36. Nxb5 Nf5 37. Kg1 Kd7 38.
g4 hxg4 39. hxg4 Nh4 40. Rd4+ Kc6 41. Na7+ Kc7 42. Kf1 Nf3 43. Rd3 Nh2+ 44.
Kg1 Nxg4 45. Rg3 Nh6 46. Rxg7 Rxb4 47. Rh7 Nf5 48. Rxf7+ Kb8 49. Rf6 Kxa7
50. Rxe6 Rxf4 51. Rf6 Nd4 0-1

[Event "Najdorf Memorial"]
[Site "Warsaw POL"]
[Date "2024.07.15"]
[Round "7.20"]
[White "Dahale, Atul"]
[Black "Jasiulewicz, Dawid"]
[Result "0-1"]
[WhiteElo "2169"]
[BlackElo "2073"]

1. d4 d5 2. c4 dxc4 3. e3 e5 4. Bxc4 exd4 5. exd4 Bd6 6. Nc3 Nf6 7. Nge2
O-O 8. O-O Nc6 9. h3 h6 10. Nb5 Bf5 11. Nxd6 Qxd6 12. Bf4 Qd7 13. Rc1 a6
14. Be5 Ne4 15. f3 Nd6 16. Bb3 Rfe8 17. f4 Ne4 18. Nc3 Rad8 19. Re1 Nxc3
20. bxc3 Be6 21. Bxe6 Rxe6 22. Qg4 Nxe5 23. Rxe5 Rc6 24. f5 b5 25. a3 Rc4
26. Qg3 Qc6 27. f6 Qxf6 28. Rf1 Qd6 29. Qf3 f6 30. Rh5 c5 31. Qg4 f5 32.
Rfxf5 cxd4 33. Rd5 Qe7 34. Rhe5 Qc7 35. Qg6 Rf8 36. Qe6+ Qf7 37. Qxf7+ Rxf7
38. cxd4 Ra4 39. Re8+ Rf8 40. Re7 Rxa3 41. Ra7 Rf6 42. Rxb5 Ra2 43. Re5
Rff2 44. Rxa6 Rxg2+ 45. Kf1 Raf2+ 46. Ke1 Rb2 47. Kf1 Rh2 48. Kg1 Rxh3 49.
Ra8+ Kh7 50. Rf8 Rd3 51. d5 Rd1+ 52. Rf1 Rdd2 53. Rf7 Rb1+ 54. Rf1 Rb5 55.
Rff5 Kg6 56. Rf2 Rbxd5 57. Re6+ Kh7 58. Rxd2 Rxd2 59. Ra6 h5 60. Rb6 g6 61.
Ra6 Kh6 62. Ra5 h4 63. Ra4 g5 64. Ra8 Kh5 65. Ra4 h3 66. Rb4 g4 67. Ra4 Kh4
68. Rb4 Re2 69. Rb3 Re1+ 0-1

[Event "Najdorf Memorial"]
[Site "Warsaw POL"]
[Date "2024.07.15"]
[Round "7.21"]
[White "Aishwin, Daniel"]
[Black "Gbiorczyk, Mikolaj"]
[Result "1/2-1/2"]
[WhiteElo "2155"]
[BlackElo "2034"]

1. e4 e5 2. Nf3 Nc6 3. d4 exd4 4. Nxd4 Qf6 5. Nb3 Qg6 6. f3 Nf6 7. Bf4 d6
8. Nc3 Be7 9. Qd2 O-O 10. O-O-O a5 11. a4 Be6 12. g4 Nd7 13. Be3 Bxb3 14.
cxb3 Nc5 15. Bc4 Ne5 16. Qe2 c6 17. Bxc5 dxc5 18. f4 Nxc4 19. bxc4 Rad8 20.
h3 Rd4 21. Rxd4 cxd4 22. Nd1 1/2-1/2

[Event "Najdorf Memorial"]
[Site "Warsaw POL"]
[Date "2024.07.15"]
[Round "7.22"]
[White "Kubik, Rafal"]
[Black "Nagly, Wojciech"]
[Result "1/2-1/2"]
[WhiteElo "2118"]
[BlackElo "2016"]

1. e4 c5 2. Nf3 Nc6 3. c3 e6 4. d4 cxd4 5. cxd4 d5 6. e5 Nge7 7. Na3 Nf5 8.
Nc2 Be7 9. Bd3 O-O 10. O-O f6 11. Bf4 Bd7 12. Re1 g5 13. exf6 Bxf6 14. Be5
Be8 15. Qd2 h6 16. Bxf5 exf5 17. Bxf6 Qxf6 18. Ne5 Ne7 19. Qb4 b6 20. Ne3
h5 21. Nd1 f4 22. Nc3 Rd8 23. Ng4 hxg4 24. Qxe7 Bg6 25. Re5 Qxe7 26. Rxe7
Rf7 27. Re5 Rf5 28. Rae1 Kg7 29. Rxf5 Bxf5 30. Re5 Kg6 31. f3 gxf3 32. gxf3
Bd3 33. Re7 a6 34. Re6+ Kf5 35. Re5+ Kg6 36. Re6+ Kf5 37. Rxb6 g4 38. fxg4+
Kxg4 39. Kg2 f3+ 40. Kg1 Re8 41. Rf6 Re1+ 42. Kf2 Rf1+ 43. Ke3 Bf5 44. Rf8
Re1+ 45. Kf2 Rh1 46. Rg8+ Kf4 47. Nxd5+ Ke4 48. Nf6+ Kxd4 49. Kxf3 Rxh2 50.
Rb8 Be6 51. a3 a5 52. Rb5 Bc4 53. Rxa5 Rxb2 54. Ng4 Be2+ 55. Kf4 Bxg4 56.
Kxg4 Kc4 1/2-1/2

[Event "Najdorf Memorial"]
[Site "Warsaw POL"]
[Date "2024.07.15"]
[Round "7.23"]
[White "Nesterenko, Kyrylo"]
[Black "Sanz Losada, Victoriano"]
[Result "1-0"]
[WhiteElo "2103"]
[BlackElo "2002"]

1. d4 Nf6 2. Nf3 g6 3. c4 Bg7 4. g3 O-O 5. Bg2 d6 6. O-O Nc6 7. Nc3 Bg4 8.
h3 Bxf3 9. Bxf3 Nd7 10. e3 e5 11. dxe5 Ncxe5 12. Bxb7 Rb8 13. Bg2 Nxc4 14.
Qc2 Nc5 15. Rb1 Qd7 16. b4 Ne6 17. Nd5 Nb6 18. Qc6 Rfe8 19. Nxb6 Qxc6 20.
Bxc6 axb6 21. Bxe8 Rxe8 22. Rb3 b5 23. Ra3 Kf8 24. f4 f5 25. Rd1 Ke7 26.
Ra5 Kd7 27. Rxb5 Ra8 28. a3 Kc6 29. Rbd5 Nf8 30. g4 Nd7 31. R5d2 Nb6 32.
Rc2+ Kb7 33. Rd3 d5 34. Rc5 Na4 35. Rcxd5 Nc3 36. Rc5 Ne4 37. Rc2 1-0

[Event "Najdorf Memorial"]
[Site "Warsaw POL"]
[Date "2024.07.15"]
[Round "7.25"]
[White "Mickiewicz, Piotr"]
[Black "Gacek, Waldemar"]
[Result "1-0"]
[WhiteElo "2257"]
[BlackElo "2081"]

1. Nf3 d5 2. c4 c6 3. e3 Nf6 4. Nc3 a6 5. b3 Bf5 6. Be2 h6 7. O-O e6 8. Bb2
Nbd7 9. d3 Be7 10. a3 Bh7 11. b4 b5 12. c5 O-O 13. Nd4 Qc8 14. f4 e5 15.
fxe5 Nxe5 16. h3 Re8 17. Qd2 Nfd7 18. Rf4 Bg5 19. Raf1 Ng6 20. Nf5 Nxf4 21.
exf4 Be7 22. Nxg7 Kxg7 23. Nxd5+ Bf6 24. Nxf6 Nxf6 25. Bxf6+ Kxf6 26. Qb2+
Ke7 27. Bg4 f5 28. Bh5 Kd7 29. Qg7+ Re7 30. Qd4+ Kc7 31. Qd6+ Kb7 32. Qxe7+
Qc7 33. Re1 Rd8 34. Be8 1-0

[Event "Najdorf Memorial"]
[Site "Warsaw POL"]
[Date "2024.07.15"]
[Round "7.26"]
[White "Chiszko, Oskar"]
[Black "Orzechowski, Jacek"]
[Result "1-0"]
[WhiteElo "2192"]
[BlackElo "2072"]

1. e4 e6 2. d4 d5 3. Nc3 dxe4 4. Nxe4 Bd7 5. Nf3 Bc6 6. Bd3 Nd7 7. O-O Ngf6
8. Qe2 Nxe4 9. Bxe4 Bxe4 10. Qxe4 c6 11. Bg5 Be7 12. h4 h6 13. Bxe7 Qxe7
14. c4 Nf6 15. Qe3 O-O 16. Rfd1 Rfd8 17. Rac1 Rac8 18. a3 Qc7 19. b4 a5 20.
Ne5 axb4 21. axb4 Qe7 22. Rb1 Nd7 23. Nf3 Qd6 24. g4 b5 25. g5 hxg5 26. c5
Qd5 27. hxg5 g6 28. Nh2 Ra8 29. Ng4 Kg7 30. Rd3 f5 31. gxf6+ Nxf6 32. Qh6+
Kf7 33. Ne5+ 1-0

[Event "Najdorf Memorial"]
[Site "Warsaw POL"]
[Date "2024.07.15"]
[Round "7.27"]
[White "Padalka, Artem"]
[Black "Przybylski, Bartosz"]
[Result "1/2-1/2"]
[WhiteElo "2177"]
[BlackElo "2060"]

1. d4 Nf6 2. Nc3 d5 3. Bg5 e6 4. e4 Bb4 5. e5 h6 6. Bd2 Bxc3 7. bxc3 Ne4 8.
Qg4 g6 9. h4 c5 10. Bd3 Nxd2 11. Kxd2 Nc6 12. Nf3 Bd7 13. Rhb1 Qc7 14. Qf4
f5 15. dxc5 O-O-O 16. Bb5 g5 17. hxg5 hxg5 18. Qa4 Na5 19. Qb4 Bxb5 20.
Qxb5 Nc4+ 21. Kd3 g4 22. Nd2 Nxe5+ 23. Ke2 Nc4 24. Nxc4 dxc4 25. c6 b6 26.
Rd1 Rd5 27. Rxd5 exd5 28. Re1 Re8+ 29. Kd1 Rxe1+ 30. Kxe1 Qe5+ 31. Kd1 Kc7
32. Qa6 Kxc6 33. Qxa7 Qxc3 34. Qa8+ Kc5 35. Qf8+ Kb5 36. Qxf5 Qa1+ 37. Ke2
Qd4 38. g3 Kb4 39. Qf4 Qe4+ 40. Kd1 Qh1+ 41. Kd2 Qe4 42. Qf6 Kc5 43. Qf8+
Kb5 44. a3 Qd4+ 45. Ke2 Qe4+ 46. Kd2 Qd4+ 47. Ke2 Qe4+ 48. Kd2 Qd4+ 49. Ke2
1/2-1/2

[Event "Najdorf Memorial"]
[Site "Warsaw POL"]
[Date "2024.07.15"]
[Round "7.28"]
[White "Gibala, Adam"]
[Black "Swara, Lakshmi S Nair"]
[Result "1-0"]
[WhiteElo "2171"]
[BlackElo "2049"]

1. d4 Nf6 2. c4 g6 3. g3 Bg7 4. Bg2 d5 5. cxd5 Nxd5 6. e4 Nb6 7. Ne2 O-O 8.
O-O c5 9. d5 Nc4 10. Qc2 b5 11. a4 Ba6 12. axb5 Bxb5 13. Nbc3 Qb6 14. Nxb5
Qxb5 15. Nc3 Qb6 16. d6 Nc6 17. Nd5 Qb5 18. dxe7 Rfc8 19. Qa4 Nd6 20. Qxb5
Nxb5 21. Bh3 Rc7 22. Nxc7 Nxc7 23. Bf4 Ne8 24. e5 Nxe7 25. Bg2 Rb8 26. e6
Rb6 27. exf7+ Kxf7 28. Rxa7 Bxb2 29. Re1 Bf6 30. Bd5+ Kf8 31. Bh6+ Ng7 32.
Ra8+ 1-0

[Event "Najdorf Memorial"]
[Site "Warsaw POL"]
[Date "2024.07.15"]
[Round "7.29"]
[White "Praczukowski, Stanislaw"]
[Black "Chmiel, Marcin"]
[Result "1/2-1/2"]
[WhiteElo "2086"]
[BlackElo "2161"]

1. d4 d5 2. c4 c6 3. Nc3 Nf6 4. e3 e6 5. Nf3 Nbd7 6. Be2 Bd6 7. O-O O-O 8.
b3 Qe7 9. Bb2 b6 10. Bd3 Bb7 11. Re1 Rfe8 12. e4 dxc4 13. bxc4 e5 14. d5
Ba3 15. Qb3 Bxb2 16. Qxb2 Nc5 17. Bf1 cxd5 18. cxd5 Rec8 19. a4 Ne8 20. Nb5
f6 21. Nd2 Ba6 22. Ra3 Bxb5 23. Bxb5 Nd6 24. Bc6 Rab8 25. f3 Rf8 26. Qa2 f5
27. exf5 Rxf5 28. Rae3 Qh4 29. Qa1 Rbf8 30. Rxe5 Nd3 31. g3 Rxe5 32. Qxe5
Nxe5 33. gxh4 Rf5 34. f4 Ng6 35. Ne4 Nxe4 36. Rxe4 Rxf4 37. Re8+ Rf8 38.
Re4 Rf4 39. Re8+ Rf8 40. Re4 Rf4 41. Re3 Rd4 1/2-1/2

[Event "Najdorf Memorial"]
[Site "Warsaw POL"]
[Date "2024.07.15"]
[Round "7.30"]
[White "Lecki, Leonard"]
[Black "Smietanska, Wiktoria"]
[Result "0-1"]
[WhiteElo "2026"]
[BlackElo "2125"]

1. e4 c6 2. d4 d5 3. exd5 cxd5 4. Bd3 Nc6 5. c3 Nf6 6. Bf4 Bg4 7. Qb3 Qd7
8. Nd2 e6 9. Ngf3 Bd6 10. Bxd6 Qxd6 11. O-O O-O 12. Rfe1 Nd7 13. Re3 Rab8
14. Rae1 Rfc8 15. a3 Ne7 16. Nh4 Nf8 17. Qc2 Bh5 18. Ndf3 b5 19. Ng5 h6 20.
Bh7+ Kh8 21. Ng6+ Bxg6 22. Bxg6 hxg5 23. Bxf7 g6 24. Rxe6 Nxe6 25. Rxe6 Qc7
26. Rxg6 Nxg6 27. Qxg6 Rb6 28. Be6 Rcb8 29. Qf5 Qf4 30. Qh3+ Kg7 31. g3 Qf3
32. Bg4 Qf6 33. Qg2 Rf8 34. h3 Rd6 35. Qf1 Rdd8 36. f3 a6 37. a4 b4 38. Kg2
Rb8 39. c4 Qxd4 40. cxd5 Qd2+ 0-1

[Event "Najdorf Memorial"]
[Site "Warsaw POL"]
[Date "2024.07.15"]
[Round "7.31"]
[White "Rekuc, Patryk"]
[Black "Wojtaszewski, Piotr"]
[Result "1-0"]
[WhiteElo "2107"]
[BlackElo "2028"]

1. d4 Nf6 2. c4 e6 3. Nf3 b6 4. e3 Bb7 5. Bd3 Ne4 6. Nbd2 f5 7. Qc2 Nxd2 8.
Bxd2 Be7 9. Rc1 Nc6 10. a3 Bf6 11. O-O O-O 12. Bc3 Ne7 13. Nd2 Qe8 14. e4
Qg6 15. Rce1 fxe4 16. Nxe4 Nf5 17. Ng3 Bh4 18. d5 Qf7 19. Be4 Bxg3 20. fxg3
Qh5 21. dxe6 Bxe4 22. Qxe4 Nd6 23. Qd4 Qc5 24. Qxc5 bxc5 25. exd7 Rxf1+ 26.
Kxf1 Kf7 27. Ba5 Rd8 28. Bxc7 Rxd7 29. Bxd6 Rxd6 30. Ke2 Rh6 31. Rd1 Rxh2
32. Kf3 Rh5 33. Rd7+ Kf6 34. g4 Rh1 35. Rxa7 Rc1 36. Ra4 Ke5 37. b4 cxb4
38. Ra5+ Kd4 39. axb4 Rxc4 40. Ra7 g5 41. b5 Rc3+ 42. Kf2 Rb3 43. Rxh7 Rxb5
44. Re7 Ra5 45. Re2 Rb5 46. g3 Ra5 47. Re3 Ra8 48. Rf3 Ke4 49. Rf5 Ra2+ 50.
Kg1 Ra1+ 51. Kg2 Ra2+ 52. Kh3 Ra1 53. Rxg5 Rh1+ 54. Kg2 Ra1 55. Rf5 Rb1 56.
Rf4+ Ke5 57. g5 Ke6 58. Kh3 Rb8 59. Kg4 Rg8 60. Kh5 Ke7 61. g6 1-0

[Event "Najdorf Memorial"]
[Site "Warsaw POL"]
[Date "2024.07.15"]
[Round "7.32"]
[White "Sujkowski, Pawel"]
[Black "Lisowski, Krzysztof"]
[Result "1-0"]
[WhiteElo "1985"]
[BlackElo "2096"]

1. d4 Nf6 2. c4 e6 3. Nc3 Bb4 4. Nf3 b6 5. Bg5 h6 6. Bh4 Bb7 7. Qc2 Bxc3+
8. bxc3 d6 9. Nd2 Nbd7 10. e4 Qe7 11. Bd3 e5 12. f3 Bc6 13. O-O-O O-O-O 14.
Nf1 Nf8 15. Ne3 Ng6 16. Nf5 Qd7 17. Bxf6 gxf6 18. Qb2 Ba4 19. Rd2 Kb7 20.
Qa3 Nf4 21. Bf1 Ka8 22. g3 Ng6 23. h4 h5 24. Bh3 Qc6 25. d5 Qxc4 26. Bf1
Qc5 27. Qxa4 Qxc3+ 28. Rc2 1-0

[Event "Najdorf Memorial"]
[Site "Warsaw POL"]
[Date "2024.07.15"]
[Round "7.33"]
[White "Tsiapko, Andrii"]
[Black "Ishvi, Aggarwal"]
[Result "1-0"]
[WhiteElo "2167"]
[BlackElo "1958"]

1. d4 d5 2. c4 e6 3. Nf3 Nf6 4. g3 dxc4 5. Bg2 a6 6. O-O Nc6 7. Nbd2 Nxd4
8. Nxc4 Nxf3+ 9. Bxf3 Qxd1 10. Rxd1 Be7 11. Na5 Nd5 12. e4 Nf6 13. Bf4 Bd8
14. Rd2 c6 15. Nc4 O-O 16. Rad1 b5 17. Rxd8 bxc4 18. Rxf8+ Kxf8 19. Bd6+
Ke8 20. Rc1 Bb7 21. Rxc4 Rd8 22. Bf4 Kd7 23. Be2 Kc8 24. f3 Nd7 25. Ra4 Nb8
26. Kf2 f6 27. Be3 Kc7 28. Ke1 Nd7 29. Ra3 Nb8 30. Bc4 e5 31. Ke2 h6 32. h4
Rd6 33. Ra5 Rd8 34. h5 Nd7 35. Ra3 Nb8 36. g4 Rd6 37. Bc5 Rd8 38. Rd3 Rxd3
39. Kxd3 Nd7 40. Be7 a5 41. b3 Bc8 42. Ke3 Nb6 43. Bf7 Nd7 44. Be6 Ba6 45.
Bxd7 Kxd7 46. Bf8 c5 47. Bxg7 Ke7 48. Bxh6 c4 49. Kd2 cxb3 50. axb3 Bb5 51.
Ke1 Bd3 52. Kd1 Bb5 53. Bd2 a4 54. b4 Kf7 55. Bc1 Kg7 56. Ke1 Bd7 57. Kf2
Bb5 58. Kg3 Bc4 59. Bb2 Bd3 60. f4 Bxe4 61. fxe5 fxe5 62. Bxe5+ Kh7 63. b5
Bb7 64. Bb2 Bd5 65. Kf4 Bb7 66. b6 Kh6 67. Kf5 Bc6 68. Kf6 Bd5 69. Bc1+ 1-0

[Event "Najdorf Memorial"]
[Site "Warsaw POL"]
[Date "2024.07.15"]
[Round "7.34"]
[White "Maslanka, Wojciech"]
[Black "Celinski, Kamil"]
[Result "1-0"]
[WhiteElo "2166"]
[BlackElo "2022"]

1. e4 e5 2. Nf3 Nc6 3. Bb5 a6 4. Ba4 Nf6 5. O-O Be7 6. Re1 b5 7. Bb3 O-O 8.
c3 d5 9. exd5 Nxd5 10. Nxe5 Nxe5 11. Rxe5 c6 12. d3 Bd6 13. Re1 Bf5 14. Qf3
Re8 15. Rxe8+ Qxe8 16. Nd2 Qe1+ 17. Nf1 Bg6 18. g3 Re8 19. Bd1 Nf6 20. Bd2
Qe6 21. Bb3 Qh3 22. Re1 Rd8 23. Bg5 Bf8 24. d4 Rd6 25. Bf4 Rd8 26. Qxc6 Bd3
27. Qf3 Bf5 28. Bd1 Be6 29. Ne3 Bxa2 30. g4 Qxf3 31. Bxf3 b4 32. g5 Ne8 33.
d5 b3 34. c4 a5 35. Be5 Bc5 36. Nd1 Nd6 37. Bxd6 Bxd6 38. Nc3 Bb4 39. Rc1
Kf8 40. Na4 Bd2 41. Rd1 Bxg5 42. d6 Bf4 43. c5 Be5 44. Rd5 Bf4 45. Rd1 Be5
46. d7 f6 47. c6 Ke7 48. Nc5 g6 49. Nb7 a4 50. Nxd8 Kxd8 51. Rd5 Bc7 52.
Rd4 a3 53. Re4 Be5 54. Ra4 Bc7 55. Rxa3 Ke7 56. Ra8 Bb1 57. Re8+ 1-0

[Event "Najdorf Memorial"]
[Site "Warsaw POL"]
[Date "2024.07.15"]
[Round "7.35"]
[White "Jarzebowski, Kacper"]
[Black "Zareba, Piotr"]
[Result "0-1"]
[WhiteElo "2131"]
[BlackElo "2003"]

1. e4 e5 2. Nf3 Nc6 3. Bb5 a6 4. Ba4 b5 5. Bb3 Bb7 6. d3 Be7 7. O-O Nf6 8.
Bd2 O-O 9. a4 b4 10. a5 d5 11. exd5 Nxd5 12. Re1 Nd4 13. Nxd4 exd4 14. Qg4
Bf6 15. Bxd5 Qxd5 16. Bxb4 Rfe8 17. Na3 h5 18. Qh3 Bh4 19. Nc4 g5 20. Qf3
Qb5 21. Qxh5 Qxb4 22. Ne5 Re7 23. g3 Qxb2 24. Ng4 Qc3 25. Nf6+ Kg7 26. Qh7+
Kxf6 27. Qh6+ Kf5 28. Qh7+ Kg4 29. Rf1 Qc5 30. f3+ Kh3 31. gxh4 g4 32. Qg7
f5 33. Qg5 Qe5 34. Rf2 Rg7 35. Qc1 gxf3+ 36. Kh1 Rg2 0-1

[Event "Najdorf Memorial"]
[Site "Warsaw POL"]
[Date "2024.07.15"]
[Round "7.36"]
[White "Alvarado, Carlos"]
[Black "Choroszej, Aleksander"]
[Result "0-1"]
[WhiteElo "2108"]
[BlackElo "1997"]

1. Nf3 g6 2. c4 Bg7 3. Nc3 c5 4. g3 Nc6 5. Bg2 e5 6. d3 Nge7 7. O-O O-O 8.
a3 a5 9. Ne1 d6 10. Nc2 Rb8 11. Rb1 Be6 12. b4 b6 13. Bg5 f6 14. Bd2 axb4
15. axb4 Qd7 16. Re1 h6 17. b5 Nd4 18. Ne3 Kh7 19. Ra1 f5 20. Ned5 f4 21.
Nxe7 Qxe7 22. e3 fxg3 23. fxg3 Nf5 24. Ra6 h5 25. Qe2 Nxg3 26. Qd1 Nf5 27.
Rf1 Nh4 28. Ne4 Bg4 29. Qe1 Rxf1+ 30. Qxf1 Rf8 31. Qa1 Nxg2 32. Rxb6 Nh4
33. Bc3 Nf3+ 34. Kh1 Qh4 35. Qb2 Ne1 36. Kg1 Nxd3 37. Qd2 Bh3 38. Ng3 Nf2
39. Qxd6 Qg4 40. Bxe5 Ne4 0-1

[Event "Najdorf Memorial"]
[Site "Warsaw POL"]
[Date "2024.07.15"]
[Round "7.37"]
[White "Bartodziej, Bartosz"]
[Black "Kaczmarek, Arkadiusz"]
[Result "1-0"]
[WhiteElo "2005"]
[BlackElo "2103"]

1. e4 c5 2. Nf3 e6 3. d4 cxd4 4. Nxd4 Nf6 5. Nc3 Nc6 6. Ndb5 Bc5 7. Bf4 O-O
8. Bc7 Qe7 9. Bd6 Bxd6 10. Qxd6 Qd8 11. O-O-O a6 12. Nd4 Ne7 13. a3 b5 14.
Bd3 Bb7 15. h4 Ne8 16. Qg3 Rc8 17. h5 h6 18. f3 b4 19. axb4 Qb6 20. e5 Qxb4
21. Qe1 Kh8 22. Rh4 Qb6 23. Qe3 Qc5 24. Re1 f5 25. g4 f4 26. Qg1 Nc7 27. g5
Ncd5 28. Nxd5 Bxd5 29. Rg4 Rf7 30. gxh6 gxh6 31. Ne2 Qb4 32. Rf1 Rb8 33.
Qd4 Qa5 34. Nxf4 Rg8 35. Rxg8+ Kxg8 36. Rg1+ Rg7 37. Ng6 Nc6 38. Qg4 Qc5
39. Re1 Nb4 40. Kd2 Nxd3 41. cxd3 Qf2+ 42. Re2 Qxf3 43. Qh4 Rf7 44. Qd8+
Rf8 45. Qxf8+ 1-0

[Event "Najdorf Memorial"]
[Site "Warsaw POL"]
[Date "2024.07.15"]
[Round "7.38"]
[White "Klim, Filip"]
[Black "Kazmierowski, Tymon"]
[Result "0-1"]
[WhiteElo "2000"]
[BlackElo "2096"]

1. e4 e5 2. Nf3 Nc6 3. Bc4 Nf6 4. d3 h6 5. c3 Bc5 6. Nbd2 d6 7. Bb3 a6 8.
h3 Be6 9. Nf1 d5 10. Qe2 dxe4 11. dxe4 Qe7 12. Ng3 O-O 13. Bc2 Rfd8 14. Nh4
Qd7 15. Qf3 Bc4 16. Nhf5 Nb4 17. Bb1 Nd3+ 18. Bxd3 Qxd3 19. Qxd3 Rxd3 20.
Be3 Bf8 21. f3 Rad8 22. h4 g6 23. Nxh6+ Kh7 24. Bg5 Bxh6 25. Bxf6 Bf4 26.
Nf1 R8d6 27. Bg5 Re3+ 28. Kf2 Bxf1 29. Bxf4 exf4 30. Kxf1 Rd2 31. h5 g5 32.
Rb1 Ree2 33. Rh2 Kh6 0-1

[Event "Najdorf Memorial"]
[Site "Warsaw POL"]
[Date "2024.07.15"]
[Round "7.39"]
[White "Rzeszowski, Dominik"]
[Black "Sidorczuk, Pawel"]
[Result "1-0"]
[WhiteElo "1961"]
[BlackElo "2096"]

1. e4 Nc6 2. Nf3 d6 3. d4 Nf6 4. Nc3 g6 5. Be2 Bg7 6. h3 O-O 7. O-O a6 8.
Be3 b5 9. e5 Ne8 10. e6 fxe6 11. d5 Ne5 12. Ng5 Nf6 13. f4 Nc4 14. Bxc4
bxc4 15. dxe6 Bb7 16. Qe2 h6 17. Nf7 Qc8 18. f5 g5 19. h4 gxh4 20. Qxc4 h3
21. Nxh6+ Bxh6 22. Bxh6 Qe8 23. Qh4 Qh5 24. Qxh5 Nxh5 25. Bxf8 Rxf8 26.
gxh3 Kh7 27. Kh2 Ng7 28. Rf4 Rxf5 29. Rxf5 Nxf5 30. Ne2 Kg6 31. c4 Kf6 32.
Re1 Ne3 33. b3 Nc2 34. Rc1 Nb4 35. a3 Nd3 36. Rd1 Ne5 37. Nf4 Kf5 38. Nd5
Kxe6 39. Nxc7+ Kf5 40. Rf1+ Kg6 41. Nd5 1-0